Normal view
MARC view
- Kapur, Kailash Chander,
Entry Personal Name
001 - CONTROL NUMBER
- control field: 82848
003 - CONTROL NUMBER IDENTIFIER
- control field: NUST
005 - DATE AND TIME OF LATEST TRANSACTION
- control field: 20210928162425.0
008 - FIXED-LENGTH DATA ELEMENTS
- fixed length control field: 210928|| aca||aabn | a|a d
040 ## - CATALOGING SOURCE
- Original cataloging agency: NUST
- Transcribing agency: NUST
100 ## - HEADING--PERSONAL NAME
- Personal name: Kapur, Kailash Chander,
- Dates associated with a name: 1941-
670 ## - SOURCE DATA FOUND
- Source citation: Work cat.: (NUST)33581: Kapur, Kailash Chander, 1941-, Reliability in engineering design /, c1977.
